| 000 | 00776nam a2200217 i 4500 | ||
|---|---|---|---|
| 001 | 123709 | ||
| 003 | ES-MaACL | ||
| 005 | 20250716063301.0 | ||
| 007 | t| | ||
| 008 | 070214s1928 sp |||| | spa d | ||
| 100 | 0 |
_aRamón Llull, _cBeato, _dca. 1232-1316? _995219 |
|
| 245 | 1 | 3 |
_aEl libro del ascenso y descenso del entendimiento / _cRaimundo Lulio ; introducción por Eduardo Ovejero y Maury. |
| 260 |
_aMadrid : _b[s. n.], _c1928 ( _fImp. La Rafa) |
||
| 300 |
_aLXXII, 200 p. ; _c24 cm. |
||
| 490 | 1 | _aBiblioteca de filósofos españoles | |
| 650 | 4 |
_aEpistemología. _912338 |
|
| 700 | 1 |
_aOvejero y Maury, Eduardo, _d1871-1939? _988002 |
|
| 830 | 0 |
_aBiblioteca de filósofos españoles _9187269 |
|
| 852 |
_aES-MaACL _jF-11577 |
||
| 999 |
_c123709 _d123709 |
||